Šport - všeobecný prehľad - Statistics

General Stats
  • This quiz has been taken 6 times
  • The average score is 8 of 15
Answer Stats
Otázka Odpoveď % Correct
Najviac titul majstrov sveta v rugby má Juhoafrická republika. Ktorá krajina je na druhom mieste v počte titulov? Nový Zéland
83%
Ktorý futbalista má na konte najviac gólov v národnom tíme Walesu? Gareth Bale
67%
Ako sa nazýva typ bejzbalového odpalu, pri ktorom pálkar odpáli takým spôsobom, že bez chyby poliarov obehne všetky méty a pre svoj tím získa bod? Homerun
67%
V akom športe vyniká Brit Adam Peaty? Plávanie
67%
Ktorú krajinu reprezentuje šprintérka Julien Alfredová ktorá na olympijských hrách 2024 získala historicky prvé medaily pre tento štát? Svätá Lucia
67%
Aký šport je témou amerického životopisného filmu z roku 2005 Coach Carter? Basketbal
50%
Ktorý tenista získal v 90. rokoch 20. storočia najviac titulov z Wimbledonu? Pete Sampras
50%
V ktorom meste USA sídlia tímy NBA 76ers a tím NFL Eagles? Philadelphia
50%
V ktorom meste sa nachádza okruh F1 Marina Bay? Singapur
50%
Na ktorom súostroví v Tichom oceáne sa odohrávalo súťaženie v surfovaní počas letných olympijskych hier 2024? Tahiti
50%
Ako sa volá taliansky horolezec ktorý ako prvý človek zdolal všetky osemtisícovky? Reinhold Messner
33%
V ktorom meste sa konali zimné olympijské hry v roku 1984? Sarajevo
33%
Ktorý taliansky politik bol v rokoch 1986 až 2017 majiteľom futbalového klubu AC Miláno? Silvio Berlusconi
33%
Steel city derby je označenie pre derby zápas medzi futbalovými klubmi Sheffield United a Sheffield ........ (doplňte) Wednesday
33%
Doplňte disciplínu klasického (antického) päťboja: beh na 180-190 m, skok do diaľky, hod diskom, hod oštepom, ........ Zápasenie
33%
No matching quizzes found
Score Distribution
Percent of People with Each Score
Percentile by Number Answered
Your Score History
You have not taken this quiz